000 00398nam a2200169Ia 4500
003 0STCL
008 150530s9999 xx 000 0 und d
040 _aSTCL
_cSTCL
100 _aButler, J.A.V.; Noble, D.
245 _aProgress in biophysics and molecular biology
250 _aFirst
260 _c1979
546 _aEnglish
942 _2ddc
_cBK
999 _c34218
_d34218
005 20220125170325.0